Taxation in western Europe, 1962: a guide for industrialists (Record no. 365279)

000 -LEADER
fixed length control field 00464cam a22001457a 4500
008 - FIXED-LENGTH DATA ELEMENTS--GENERAL INFORMATION
fixed length control field 180718b1962 xxu||||| |||| 00| 0 eng d
082 ## - DEWEY DECIMAL CLASSIFICATION NUMBER
Classification number L2x4 F317t
245 ## - TITLE STATEMENT
Title Taxation in western Europe, 1962: a guide for industrialists
Statement of responsibility, etc. by Federation of British Industries
250 ## - EDITION STATEMENT
Edition statement 4th ed.
260 ## - PUBLICATION, DISTRIBUTION, ETC.
Place of publication, distribution, etc. London
Name of publisher, distributor, etc. Federation of British Industries
Date of publication, distribution, etc. 1962
300 ## - PHYSICAL DESCRIPTION
Extent 242p.
500 ## - GENERAL NOTE
General note 30/-
650 ## - SUBJECT ADDED ENTRY--TOPICAL TERM
Topical term or geographic name entry element Taxation - Europe
700 ## - ADDED ENTRY--PERSONAL NAME
Personal name Federation of British Indsutreies
Holdings
Withdrawn status Lost status Damaged status Not for loan Permanent Location Current Location Date acquired Full call number Barcode Date last seen Price effective from Koha item type
        Indian Institute of Public Administration Indian Institute of Public Administration 1994-04-18 L2x4 F317t 32479 2018-07-21 2018-07-21 Book

Powered by Koha